Central Library OPAC University of Rajshahi

বিচিত্র প্রসঙ্গ / (Record no. 44535)

MARC details
000 -LEADER
fixed length control field 00840nam a2200217 a 4500
001 - CONTROL NUMBER
control field 44535
003 - CONTROL NUMBER IDENTIFIER
rucl marc code BD-RjUL
005 - DATE AND TIME OF LATEST TRANSACTION
control field 20211209053857.0
008 - FIXED-LENGTH DATA ELEMENTS--GENERAL INFORMATION
fixed length control field 160718s ii ||||| |||| 00| 0 ben d
035 ## - SYSTEM CONTROL NUMBER
System control number (BD-RjUL)44653
040 ## - CATALOGING SOURCE
Original cataloging agency BD-RjUL
Language of cataloging ben
Transcribing agency BD-RjUL
041 ## - LANGUAGE CODE
Language code of text/sound track or separate title ben
082 ## - DEWEY DECIMAL CLASSIFICATION NUMBER
Edition number 23
Classification number 891.4408
Author mark and year DAB
100 ## - MAIN ENTRY--PERSONAL NAME
Personal name দাস, শ্রীমণীন্দ্রনাথ
9 (RLIN) 136662
245 ## - TITLE STATEMENT
Title বিচিত্র প্রসঙ্গ /
Statement of responsibility, etc. শ্রীমণীন্দ্রনাথ দাস
260 ## - PUBLICATION, DISTRIBUTION, ETC. (IMPRINT)
Place of publication, distribution, etc. কলিকাতা :
Name of publisher, distributor, etc. মিত্র ও ঘোষ,
300 ## - PHYSICAL DESCRIPTION
Pagination [৬], ২৩৪ :
Illustrations চিত্র ;
Size ১৯ সেমি.
650 ## - SUBJECT ADDED ENTRY--TOPICAL TERM
Topical term or geographic name as entry element বাংলা সাহিত্য
Form subdivision সংগৃহিত প্রবন্ধ
9 (RLIN) 136663
Topical term or geographic name as entry element Bengali literature
Form subdivision Collected Essay
9 (RLIN) 136664
942 ## - ADDED ENTRY ELEMENTS (KOHA)
Source of classification or shelving scheme Dewey Decimal Classification
Koha item type Books
Holdings
Lost status Source of classification or shelving scheme Damaged status Not for loan Collection code Permanent Location Current Location Shelving location Date acquired Source of acquisition Cost, normal purchase price Total Checkouts Full call number Date last seen Copy number Koha item type
  Dewey Decimal Classification     Non-fiction Central Library, University of Rajshahi Central Library, University of Rajshahi   30/09/1959 Provincial Library 4.08   B 891.4408 DAB 18/07/2016 C-2 Books